00422nam a22001337a 4500003000400000008004100004020001800045100007300063245003100136250001500167260003000182300005900212650001700271OSt200320b ||||| |||| 00| 0 eng d a9780702053627 aJames M. Ritter, Rod J. Flower, Graeme Henderson & Humphrey P. Rang  aRang & Dale's Pharmacology a9th (2016) aNew DelhibElsevier India aPaperback: 789 pages, Dimensions: 21.6 x 3.2 x 27.3 cm aPharmacology